000 00570nam a2200193Ia 4500
005 20250508160636.0
008 008 250505s9999 xx 000 0 eng d
037 _aTextual
040 _aFEDL
_beng
_cFEDL
041 _aeng
_2eng
084 _a500, COT
_qFEDL
100 _aCotgrove Stephen
245 0 _aScience, industry and society: Studies in the sociology of science
260 _aLondon, UK
_bGeorge Allen and Unwin Ltd.
_c1970
300 _axii,211p
700 _a Box Steven
_9769001
942 _cTEXL
_h500, COT
999 _c1365787
_d1365787